| 000 | 00883nam a2200229 a 4500 | ||
|---|---|---|---|
| 003 | 0 | ||
| 005 | 20250311145822.0 | ||
| 008 | 080728s19uu xx 00 eng d | ||
| 050 |
_aPGS BF 723.I642 _b.D631 2008 |
||
| 100 | _aDo, Seong Hye. | ||
| 245 |
_aParental absence on interpersonal relationship of middle school students to their peers / _cSeong Hye Do. |
||
| 260 |
_aLas PiƱas City, Philippines : _bSouthville International School and Colleges, _c2008. |
||
| 300 |
_a31 pages : _billustrations ; _c28 cm. |
||
| 504 | _aIncludes bibliographical references. | ||
| 650 | _aChildren of absent parents. | ||
| 650 | _aParent and child. | ||
| 650 | _aPeer pressure in adolescence. | ||
| 650 | _aInterpersonal relations in adolescence. | ||
| 650 |
_aMiddle school students _vPsychology. |
||
| 650 |
_aParental absence _vPsychological aspects. |
||
| 942 |
_2lcc _cPASS |
||
| 999 |
_c97961 _d97961 |
||